000 00835nam a2200337Ia 4500
001 4639
005 20240113233750.0
007 ta
008 050614s1988 a g b000 u asm u
020 _cHB
040 _aCotton College,Assam
041 _aasm
082 _a491.41
_bPa 27 Vy
100 _aPathak, Ramesh .
245 0 _aByakaran Aru Prakriti Bijyan /
_cRamesh Pathak.
_hTextual Documents
250 _a1st ed. /
260 _aGuwahati :
_bBina Library ,
_c1988.
300 _a94p. :
_bill. ;
_c22cm .
653 _aAssamese Language-Grammar
653 _aPG-Assamese
653 _aMS-Assamese
653 _aG-Languages
942 _2ddc
_cBK
999 _c4626
_d4626